| 000 | 02213nam0a2200337 4500 | ||
|---|---|---|---|
| 001 | RU\NLR\BIBL_A\010783269 | ||
| 005 | 20260408165804.0 | ||
| 010 |
_a978-5-91253-525-3 _9500 |
||
| 021 |
_aRU _b2015-36587 _92169 |
||
| 035 | _a(NLR Aleph) 010783269 | ||
| 035 | _a(NILC)RuMoRGB-007933583 | ||
| 090 |
_a10078832 _c10078832 |
||
| 100 | _a20150617d2014 k y0rusy50 ca | ||
| 101 | 0 | _arus | |
| 102 | _aRU | ||
| 105 | _ac|||z|||100yy | ||
| 200 | 1 |
_aЦелостность в мире философии и социально-гуманитарного знания _eсборник статей и тезисов докладов IV Всероссийской научной конфренции с международным участием, посвященной Международному дню философии, 18 ноября 2013 г. _f[науч. ред.: Полякова И. П., Линченко А. А.] |
|
| 210 |
_aТамбов _aЛипецк _cИзд-во Першина Р. В. _d2014 |
||
| 215 |
_a119 с. _cцв. портр. _d21 |
||
| 300 | _aВ надзаг.: М-во образования и науки Российской Федерации, Федеральное гос. бюджетное образовательное учреждение высш. проф. образования "Липецкий гос. технический ун-т" | ||
| 320 | _aБиблиогр. в конце ст. | ||
| 606 |
_aЦелостность (филос.) _jСъезды, совещания и т.п _91301451 _3RU\NLR\AUTH\66539055 |
||
| 686 | 1 | _aЮ212.83я431 | |
| 702 | 1 |
_4340 _7ca _8rus _aПолякова _bИ. П. _cд-р филос. наук _gИрина Павловна _922937 _3RU\NLR\AUTH\7739974 |
|
| 711 | 1 | 2 |
_a"Целостность в мире философии и социально-гуманитарного знания", всероссийская научная конференция с международным участием _eЛипецк _f2013 _9473997 _3RU\NLR\AUTH\880403478 |
| 801 | 0 |
_aRU _bРГБ _c20150518 _gRCR |
|
| 942 | _cBOOK | ||
| 980 | _aNBR | ||
| 980 | _aNB | ||